000 00593nam a2200217Ia 4500
003 OSt
005 20240506125551.0
008 210210b2001 xxu||||| |||| 00| 0 eng d
020 _a81 7627 009 1
040 _cAL
041 _aKannada
082 _aK894.9 HEGA
100 _aHEGADE (M E).
_dಹೆಗಡೆ (ಎಂ ಇ)
_9163280
245 _aAlankara tatva.
_bಅಲಂಕಾರ ತತ್ವ
260 _aDharavada
_bSamaja Pustakalaya
_c2001
300 _a194
650 _aAlankara shastra
_9163281
690 _aKannada Criticism
_9163282
906 _a058341
942 _2ddc
_cBK
999 _c105837
_d105837